000
00257nam a2200097Ia 4500
008
120527s9999 xx 000 0 und d
100
_a
CANTER,W .Larry
245
_a
Environmental impacts of agricultural production activities
260
_b
Lewis
942
_c
BK
999
_c
25100
_d
25100